[Event "ZN-2014-0-02878"]
[Site "LSS email"]
[Date "2014.11.22"]
[Round "?"]
[White "Ducharme, Steven"]
[Black "Tobey, Al E"]
[Result "1-0"]
[WhiteElo "805"]
[BlackElo "664"]
[PlyCount "75"]
[EventDate "2014.11.17"]
[EventType "match (corr)"]
[EventRounds "2"]
[EventCountry "GER"]
[SourceTitle "Corr 2015"]
[Source "ChessBase"]
[SourceDate "2015.07.17"]
[SourceVersion "1"]
[SourceVersionDate "2015.07.17"]
[SourceQuality "1"]

1. d4 d5 2. Nf3 f6 3. e3 Nh6 4. Bd3 Bf5 5. Bxf5 Nxf5 6. 0-0 e6 7. Nbd2 Be7 8. e4 dxe4 9. Nxe4 0-0 10. b3 Nc6 11. Bb2 Qd5 12. Ng3 Nxg3 13. hxg3 Qh5 14. a3 Rad8 15. Qe2 Qf7 16. c4 a5 17. Rfd1 Na7 18. Qe4 b6 19. Qb7 Nc8 20. Qxc7 Bd6 21. Qxf7+ Kxf7 22. Bc3 Ne7 23. b4 a4 24. c5 bxc5 25. dxc5 Bc7 26. b5 Nd5 27. Bb4 Nxb4 28. axb4 Rxd1+ 29. Rxd1 Kg6 30. Rd7 Rc8 31. b6 Bd8 32. b7 Rb8 33. c6 Bb6 34. Rd3 Bc7 35. Ra3 Rd8 36. Rxa4 Bd6 37. Ra8 Rb8 38. b5 1-0

[Event "ZN-2014-0-02878"]
[Site "LSS email"]
[Date "2014.11.22"]
[Round "?"]
[White "Tobey, Al E"]
[Black "Ducharme, Steven"]
[Result "1-0"]
[WhiteElo "664"]
[BlackElo "805"]
[PlyCount "35"]
[EventDate "2014.11.17"]
[EventType "match (corr)"]
[EventRounds "2"]
[EventCountry "GER"]
[SourceTitle "Corr 2015"]
[Source "ChessBase"]
[SourceDate "2015.07.17"]
[SourceVersion "1"]
[SourceVersionDate "2015.07.17"]
[SourceQuality "1"]

1. e4 c6 2. Be2 e5 3. Nf3 Bd6 4. 0-0 h6 5. d3 Nf6 6. g3 Bc7 7. Re1 0-0 8. Nc3 d5 9. Bf1 d4 10. Ne2 Re8 11. Nh4 Bg4 12. f3 g5 13. fxg4 gxh4 14. g5 hxg5 15. Bxg5 hxg3 16. Nxg3 Qd6 17. Nf5 Qe6 18. Bh3 1-0

[Event "ZN-2014-0-02814"]
[Site "LSS email"]
[Date "2014.09.28"]
[Round "?"]
[White "Lenz, Juergen"]
[Black "Tobey, Al E"]
[Result "1-0"]
[WhiteElo "947"]
[BlackElo "664"]
[PlyCount "83"]
[EventDate "2014.09.22"]
[EventType "match (corr)"]
[EventRounds "2"]
[EventCountry "GER"]
[SourceTitle "Corr 2015"]
[Source "ChessBase"]
[SourceDate "2015.07.17"]
[SourceVersion "1"]
[SourceVersionDate "2015.07.17"]
[SourceQuality "1"]

1. d4 d5 2. Nf3 f6 3. Bf4 e6 4. e3 Bd6 5. Bg3 Ne7 6. Bd3 c5 7. c3 c4 8. Bc2 Bxg3 9. hxg3 0-0 10. Qe2 Nbc6 11. Bxh7+ Kf7 12. Bc2 Rh8 13. Rxh8 Qxh8 14. Nbd2 b6 15. e4 Bd7 16. 0-0-0 Ng6 17. exd5 exd5 18. Bxg6+ Kxg6 19. Nh4+ Kf7 20. Qf3 Qc8 21. Qxd5+ Be6 22. Qh5+ Ke7 23. Ng6+ Kd6 24. Ne4+ Kc7 25. f3 Bf5 26. d5 Bxg6 27. d6+ Kb7 28. Qxg6 Qf8 29. d7 Ne5 30. Qf5 Nd3+ 31. Kc2 Qe7 32. Qd5+ Kc7 33. Qxc4+ Nc5 34. Nxc5 Qxc5 35. Qf7 Qf5+ 36. Rd3 Rd8 37. Qxg7 Kc6 38. g4 Rxd7 39. gxf5 Rxg7 40. g4 Rh7 41. Re3 a5 42. Re6+ 1-0

[Event "LSS No Engine Cup 113 Preliminary 3"]
[Site "LSS email"]
[Date "2014.07.06"]
[Round "?"]
[White "Gyongyosi, Peter Laszlo"]
[Black "Tobey, Al E"]
[Result "1-0"]
[WhiteElo "770"]
[BlackElo "686"]
[PlyCount "75"]
[EventDate "2014.07.07"]
[EventType "tourn (corr)"]
[EventRounds "6"]
[EventCountry "GER"]
[SourceTitle "Corr 2015"]
[Source "ChessBase"]
[SourceDate "2015.07.17"]
[SourceVersion "1"]
[SourceVersionDate "2015.07.17"]
[SourceQuality "1"]

1. d4 d5 2. Nf3 Nc6 3. Nc3 e6 4. g3 Nf6 5. Bg5 Be7 6. Bg2 Ne4 7. Bxe7 Nxe7 8. 0-0 Nxc3 9. bxc3 0-0 10. e3 f6 11. Rb1 b6 12. Qd3 a5 13. Rfe1 Ba6 14. Qd2 Nf5 15. g4 Nd6 16. Qc1 Nc4 17. Rb3 a4 18. Rb1 a3 19. Nd2 Nb2 20. Nb3 Bc4 21. e4 c6 22. exd5 Bxd5 23. f3 Na4 24. Qe3 Qe7 25. Qd3 f5 26. c4 Bxc4 27. Qxc4 b5 28. Qxc6 Rab8 29. gxf5 Rbc8 30. Qxe6+ Qf7 31. Qxf7+ Rxf7 32. Rbc1 Rxf5 33. Kf2 Rd8 34. c4 bxc4 35. Rxc4 Nb2 36. Rc3 Na4 37. Rc7 Nb2 38. Ree7 1-0

[Event "BI-2014-P-0009"]
[Site "LSS email"]
[Date "2014.04.19"]
[Round "?"]
[White "Lombart, Philippe"]
[Black "Tobey, Al E"]
[Result "1-0"]
[WhiteElo "1639"]
[BlackElo "664"]
[PlyCount "69"]
[EventDate "2014.04.25"]
[EventType "tourn (corr)"]
[EventRounds "10"]
[EventCountry "GER"]
[SourceTitle "Corr 2015"]
[Source "ChessBase"]
[SourceDate "2015.07.17"]
[SourceVersion "1"]
[SourceVersionDate "2015.07.17"]
[SourceQuality "1"]

1. d4 d5 2. c4 e6 3. Nc3 Nf6 4. Nf3 Bb4 5. Bg5 Nbd7 6. e3 0-0 7. Qc2 Qe8 8. 0-0-0 Ne4 9. Nxe4 dxe4 10. Qxe4 f5 11. Qc2 Be7 12. h4 Nf6 13. Ne5 h6 14. Be2 Qd8 15. Bf4 Ne4 16. Bd3 Rf6 17. Bxe4 Qe8 18. Bf3 h5 19. Bg5 Rf8 20. Bxe7 Qxe7 21. Ng6 Qd8 22. Nxf8 Qxf8 23. Bxh5 Bd7 24. f4 Bc6 25. Bf3 Bxf3 26. gxf3 c5 27. d5 Qe7 28. e4 Qd6 29. e5 Qa6 30. dxe6 Qxe6 31. Rd6 Qf7 32. Rhd1 g6 33. e6 Qe7 34. Qg2 Kg7 35. Rd7 1-0

[Event "LSS No Engine Cup 101 Preliminary 3"]
[Site "LSS email"]
[Date "2013.12.30"]
[Round "?"]
[White "Tobey, Al E"]
[Black "Korinek, Jaroslav"]
[Result "0-1"]
[WhiteElo "652"]
[BlackElo "1688"]
[PlyCount "40"]
[EventDate "2013.12.31"]
[EventType "tourn (corr)"]
[EventRounds "6"]
[EventCountry "GER"]
[SourceTitle "Telechess CBM 167"]
[Source "ChessBase"]
[SourceDate "2015.07.13"]
[SourceVersion "1"]
[SourceVersionDate "2015.07.13"]
[SourceQuality "1"]

1. e4 e5 2. Be2 Nf6 3. d3 Nc6 4. c3 Bc5 5. Nd2 0-0 6. Nb3 Be7 7. Bf3 d6 8. g3 a5 9. Ne2 a4 10. Nd2 Bh3 11. Rg1 Be6 12. Nb1 d5 13. exd5 Bxd5 14. Bxd5 Qxd5 15. f4 Rfd8 16. Be3 Ng4 17. c4 Qf3 18. Bc1 Qf2+ 19. Kd2 Rxd3+ 20. Kc2 Nb4# 0-1

[Event "OP-2013-0-03130"]
[Site "LSS email"]
[Date "2013.11.21"]
[Round "?"]
[White "Tobey, Al E"]
[Black "Lombardi, Donato"]
[Result "0-1"]
[WhiteElo "634"]
[BlackElo "867"]
[PlyCount "86"]
[EventDate "2013.11.19"]
[EventType "tourn (corr)"]
[EventRounds "4"]
[EventCountry "GER"]
[SourceTitle "Telechess CBM 163"]
[Source "ChessBase"]
[SourceDate "2014.11.11"]
[SourceVersion "2"]
[SourceVersionDate "2014.11.11"]
[SourceQuality "1"]

1. e4 e6 2. Be2 d5 3. e5 c5 4. Nf3 Nc6 5. c3 Nge7 6. 0-0 Ng6 7. Bb5 Bd7 8. Re1 Ncxe5 9. Bxd7+ Nxd7 10. d4 cxd4 11. cxd4 Bb4 12. Bd2 Bxd2 13. Nbxd2 0-0 14. g3 Qb6 15. Nb3 Rac8 16. a4 Rfe8 17. a5 Qc7 18. Qd3 Qc2 19. Qe3 Qxb2 20. Re2 Qc3 21. Rc1 Qxe3 22. fxe3 Rxc1+ 23. Nxc1 Rc8 24. Nb3 Rc3 25. Nbd2 Ra3 26. Kg2 Rxa5 27. e4 dxe4 28. Nxe4 h6 29. Nd6 Rd5 30. Nxb7 Nb6 31. Nc5 Ne7 32. Ra2 Nc6 33. Rd2 Nxd4 34. Rxd4 Rxc5 35. Ne1 Rc1 36. Kf2 Nd5 37. Ra4 Rc7 38. Nf3 Rc2+ 39. Ke1 Rc1+ 40. Kd2 Rd1+ 41. Kc2 Rf1 42. Nd4 Rf2+ 43. Kd3 Rxh2 0-1

[Event "ZN-2013-0-02483"]
[Site "LSS email"]
[Date "2013.11.03"]
[Round "?"]
[White "Tobey, Al E"]
[Black "Lenz, Juergen"]
[Result "0-1"]
[WhiteElo "634"]
[BlackElo "1016"]
[PlyCount "56"]
[EventDate "2013.10.29"]
[EventType "match (corr)"]
[EventRounds "2"]
[EventCountry "GER"]
[SourceTitle "Telechess CBM 163"]
[Source "ChessBase"]
[SourceDate "2014.11.11"]
[SourceVersion "2"]
[SourceVersionDate "2014.11.11"]
[SourceQuality "1"]

1. e4 d5 2. e5 Bf5 3. d4 c5 4. Qf3 e6 5. Bd3 Bxd3 6. Qxd3 cxd4 7. Nf3 Nc6 8. Nxd4 Nxe5 9. Qe2 Nc6 10. Nf5 Nf6 11. 0-0 g6 12. Nh6 Bg7 13. Bg5 Qd7 14. Qf3 Ne4 15. c3 Nxg5 16. Qg4 Bxh6 17. Re1 f5 18. Qa4 0-0 19. Na3 e5 20. Rxe5 Nxe5 21. Qb3 Ngf7 22. Rd1 Rad8 23. c4 d4 24. Qb5 Qxb5 25. Nxb5 d3 26. Nc7 Nxc4 27. Ne6 Nxb2 28. Rb1 d2 0-1

[Event "ZN-2013-0-02387"]
[Site "LSS email"]
[Date "2013.07.28"]
[Round "?"]
[White "Tobey, Al E"]
[Black "Hendershot, Paul"]
[Result "1-0"]
[WhiteElo "602"]
[BlackElo "497"]
[PlyCount "57"]
[EventDate "2013.07.23"]
[EventType "match (corr)"]
[EventRounds "2"]
[EventCountry "GER"]
[SourceTitle "Telechess CBM 163"]
[Source "ChessBase"]
[SourceDate "2014.11.11"]
[SourceVersion "2"]
[SourceVersionDate "2014.11.11"]
[SourceQuality "1"]

1. e4 e5 2. Be2 d5 3. exd5 Qxd5 4. Nc3 Qxg2 5. Bf3 Qg6 6. Be4 Qf6 7. Nd5 Qd6 8. Nf3 Nf6 9. d3 Ng4 10. h3 Qc5 11. hxg4 Nc6 12. Nxc7+ Ke7 13. Nxa8 Nb4 14. c3 Nc6 15. Nc7 Bxg4 16. Nd5+ Kd7 17. Be3 Qb5 18. a4 Qa5 19. Qb3 Ke8 20. Qb5 Qd8 21. Qxb7 Bd6 22. Qxc6+ Kf8 23. Nd2 Rg8 24. Nc4 g6 25. Nxd6 Kg7 26. Bxa7 Bd7 27. Qc5 Qg5 28. Qc7 Bxa4 29. Qxf7+ 1-0

[Event "LSS No Engine Cup 92 Preliminary 5"]
[Site "LSS email"]
[Date "2013.07.27"]
[Round "?"]
[White "Kalinin, Vyacheslav"]
[Black "Tobey, Al E"]
[Result "1-0"]
[WhiteElo "1314"]
[BlackElo "658"]
[PlyCount "31"]
[EventDate "2013.07.28"]
[EventType "tourn (corr)"]
[EventRounds "6"]
[EventCountry "GER"]
[SourceTitle "Telechess CBM 167"]
[Source "ChessBase"]
[SourceDate "2015.07.13"]
[SourceVersion "1"]
[SourceVersionDate "2015.07.13"]
[SourceQuality "1"]

1. e4 e5 2. Nf3 f6 3. Nxe5 fxe5 4. Qh5+ g6 5. Qxe5+ Qe7 6. Qxh8 Nf6 7. Nc3 d6 8. Bc4 Kd7 9. Nd5 Qxe4+ 10. Ne3 Qe7 11. 0-0 Bg7 12. Be6+ Kxe6 13. Qxc8+ Qd7 14. Qxb7 Qc6 15. Qb3+ Kd7 16. Qf7+ 1-0

[Event "LSS No Engine Cup 92 Preliminary 5"]
[Site "LSS email"]
[Date "2013.07.27"]
[Round "?"]
[White "Tobey, Al E"]
[Black "Lombardi, Donato"]
[Result "0-1"]
[WhiteElo "658"]
[BlackElo "855"]
[PlyCount "84"]
[EventDate "2013.07.28"]
[EventType "tourn (corr)"]
[EventRounds "6"]
[EventCountry "GER"]
[SourceTitle "Telechess CBM 167"]
[Source "ChessBase"]
[SourceDate "2015.07.13"]
[SourceVersion "1"]
[SourceVersionDate "2015.07.13"]
[SourceQuality "1"]

1. e4 e6 2. Be2 d5 3. e5 c5 4. d4 cxd4 5. Qxd4 Nc6 6. Bb5 Bd7 7. Bxc6 bxc6 8. Nf3 c5 9. Qd1 Ne7 10. 0-0 Qc7 11. Nc3 Nc6 12. Nb5 Qb8 13. Nc3 Be7 14. Bf4 Qxb2 15. Na4 Qb7 16. c3 Qa6 17. Nb2 Rb8 18. Qc2 Qa3 19. Bc1 Qa6 20. Qa4 Na5 21. Qc2 0-0 22. Be3 f6 23. Nd3 Nc4 24. Bf4 fxe5 25. Nfxe5 Nxe5 26. Nxe5 Ba4 27. Qd2 Bf6 28. Ng4 Bxc3 29. Qxc3 Rxf4 30. Qe5 Rbf8 31. Rfe1 Rxg4 32. Rac1 Qc6 33. h3 Rgf4 34. g3 Rxf2 35. Qxe6+ Qxe6 36. Rxe6 Rxa2 37. Rce1 Rff2 38. Re8+ Bxe8 39. Rxe8+ Kf7 40. Re5 d4 41. Rxc5 d3 42. Rd5 Rg2+ 0-1

[Event "LSS No Engine Cup 92 Preliminary 5"]
[Site "LSS email"]
[Date "2013.07.27"]
[Round "?"]
[White "Tobey, Al E"]
[Black "Tittarelli, Adriano"]
[Result "0-1"]
[WhiteElo "658"]
[BlackElo "1047"]
[PlyCount "66"]
[EventDate "2013.07.28"]
[EventType "tourn (corr)"]
[EventRounds "6"]
[EventCountry "GER"]
[SourceTitle "Telechess CBM 167"]
[Source "ChessBase"]
[SourceDate "2015.07.13"]
[SourceVersion "1"]
[SourceVersionDate "2015.07.13"]
[SourceQuality "1"]

1. e4 e6 2. d4 d5 3. e5 c5 4. Nf3 Nc6 5. Bb5 Bd7 6. 0-0 Nxd4 7. Bxd7+ Qxd7 8. Nxd4 cxd4 9. Qxd4 Ne7 10. Nc3 Nc6 11. Qa4 Nxe5 12. Nb5 Nc6 13. Qg4 a6 14. Nd4 e5 15. Qxd7+ Kxd7 16. Nxc6 bxc6 17. f4 Bc5+ 18. Kh1 e4 19. c3 f5 20. b4 Be7 21. a3 a5 22. Be3 axb4 23. cxb4 Bf6 24. Rad1 Rxa3 25. Bc5 Rha8 26. b5 Ra1 27. g3 Rxd1 28. Rxd1 Ra1 29. Rxa1 Bxa1 30. b6 Kc8 31. Kg2 d4 32. Kf2 d3 33. Ke1 Bc3+ 0-1

[Event "OP-2013-0-02868"]
[Site "LSS email"]
[Date "2013.07.08"]
[Round "?"]
[White "Pepermans, Toon"]
[Black "Tobey, Al E"]
[Result "1-0"]
[WhiteElo "2355"]
[BlackElo "602"]
[PlyCount "49"]
[EventDate "2013.07.04"]
[EventType "tourn (corr)"]
[EventRounds "4"]
[EventCountry "GER"]
[SourceTitle "Telechess CBM 161"]
[Source "ChessBase"]
[SourceDate "2014.07.16"]
[SourceVersion "1"]
[SourceVersionDate "2014.07.16"]
[SourceQuality "1"]

1. b3 e5 2. Bb2 d6 3. c4 Nf6 4. e3 e4 5. d4 exd3 6. Bxd3 g6 7. Nf3 Bg7 8. 0-0 Nc6 9. Qd2 0-0 10. Nc3 Nb4 11. Bb1 Ng4 12. h3 Ne5 13. Nd4 c5 14. Nde2 Nec6 15. Rd1 f5 16. a3 Ne5 17. axb4 b6 18. Qd5+ Be6 19. Qxe6+ Rf7 20. Rxd6 Qc7 21. Nd5 Qb8 22. Bxe5 Bxe5 23. Ne7+ Kf8 24. Qxe5 Rxe7 25. Qh8+ 1-0

[Event "RN-2013-0-00665"]
[Site "LSS email"]
[Date "2013.07.08"]
[Round "?"]
[White "Tobey, Al E"]
[Black "Bester, Kazimierz"]
[Result "0-1"]
[WhiteElo "602"]
[BlackElo "817"]
[PlyCount "52"]
[EventDate "2013.06.30"]
[EventType "tourn (corr)"]
[EventRounds "6"]
[EventCountry "GER"]
[SourceTitle "Telechess CBM 161"]
[Source "ChessBase"]
[SourceDate "2014.07.16"]
[SourceVersion "1"]
[SourceVersionDate "2014.07.16"]
[SourceQuality "1"]

1. e4 d5 2. e5 Nc6 3. d4 e6 4. Nf3 Be7 5. c3 Bd7 6. Be2 f5 7. exf6 Bxf6 8. 0-0 Qe7 9. Na3 0-0-0 10. Be3 g5 11. Nd2 e5 12. Nf3 g4 13. Nxe5 Bxe5 14. dxe5 Nxe5 15. Bd4 h5 16. f4 gxf3 17. gxf3 Rh6 18. f4 Rg6+ 19. Kh1 Ng4 20. f5 Rc6 21. Bxg4 hxg4 22. Nb5 Qe4+ 23. Kg1 Rh6 24. Nxa7+ Kb8 25. Qb3 Qe2 26. Qxd5 Qxh2# 0-1

[Event "OP-2013-0-02868"]
[Site "LSS email"]
[Date "2013.07.08"]
[Round "?"]
[White "Tobey, Al E"]
[Black "Kalinin, Aleksej"]
[Result "0-1"]
[WhiteElo "602"]
[BlackElo "743"]
[PlyCount "86"]
[EventDate "2013.07.04"]
[EventType "tourn (corr)"]
[EventRounds "4"]
[EventCountry "GER"]
[SourceTitle "Telechess CBM 161"]
[Source "ChessBase"]
[SourceDate "2014.07.16"]
[SourceVersion "1"]
[SourceVersionDate "2014.07.16"]
[SourceQuality "1"]

1. e4 e5 2. Be2 Nf6 3. d3 d5 4. Nd2 d4 5. Ndf3 Bd6 6. Nh4 Nxe4 7. dxe4 Qxh4 8. g3 Qxe4 9. f3 Qc6 10. a4 0-0 11. Bb5 Qd5 12. Bd3 Qa5+ 13. Bd2 Bb4 14. Ne2 Bxd2+ 15. Qxd2 Qxd2+ 16. Kxd2 a6 17. f4 Nc6 18. c3 exf4 19. Nxf4 g5 20. Nh5 f5 21. Rhf1 Bd7 22. g4 f4 23. Bf5 Bxf5 24. gxf5 dxc3+ 25. bxc3 Rad8+ 26. Ke2 Rxf5 27. Rab1 Re5+ 28. Kf3 Re3+ 29. Kg4 f3 30. Nf6+ Kf7 31. Nh5 Ne5+ 32. Kxg5 Rg8+ 33. Kf5 b6 34. Kf4 Nc4 35. Ng3 Rge8 36. Rfd1 f2 37. Rd4 Rxc3 38. Rd7+ Re7 39. Rxe7+ Kxe7 40. Rf1 Nb2 41. Nf5+ Kf6 42. Kg4 Nd3 43. Kg3 Kxf5 0-1

[Event "OP-2013-0-02868"]
[Site "LSS email"]
[Date "2013.07.08"]
[Round "?"]
[White "Tobey, Al E"]
[Black "Vontina, Maria"]
[Result "0-1"]
[WhiteElo "602"]
[BlackElo "772"]
[PlyCount "54"]
[EventDate "2013.07.04"]
[EventType "tourn (corr)"]
[EventRounds "4"]
[EventCountry "GER"]
[SourceTitle "Telechess CBM 161"]
[Source "ChessBase"]
[SourceDate "2014.07.16"]
[SourceVersion "1"]
[SourceVersionDate "2014.07.16"]
[SourceQuality "1"]

1. e4 e6 2. Nf3 d5 3. e5 Ne7 4. d4 Ng6 5. Be2 Be7 6. 0-0 0-0 7. Nc3 a6 8. a4 c5 9. g3 Nc6 10. Na2 Bd7 11. c3 Rc8 12. Be3 Na5 13. dxc5 Bxc5 14. Bxc5 Rxc5 15. b4 Rc8 16. bxa5 Qxa5 17. Nb4 Rxc3 18. Nd4 Qxb4 19. Rb1 Qxa4 20. Qd2 Rc7 21. Ra1 Qc6 22. Nxc6 Rxc6 23. f4 Rfc8 24. Rab1 Rc2 25. Qe1 b5 26. Qa5 Rxe2 27. Qxa6 Rcc2 0-1

[Event "ZN-2013-0-02306"]
[Site "LSS email"]
[Date "2013.05.23"]
[Round "?"]
[White "Bokros, Csaba"]
[Black "Tobey, Al E"]
[Result "1-0"]
[WhiteElo "826"]
[BlackElo "602"]
[PlyCount "65"]
[EventDate "2013.05.17"]
[EventType "match (corr)"]
[EventRounds "2"]
[EventCountry "GER"]
[SourceTitle "Telechess CBM 161"]
[Source "ChessBase"]
[SourceDate "2014.07.16"]
[SourceVersion "1"]
[SourceVersionDate "2014.07.16"]
[SourceQuality "1"]

1. e4 e5 2. Nf3 d6 3. Bc4 Be7 4. 0-0 Nf6 5. d3 Bg4 6. Nbd2 0-0 7. h3 Bh5 8. g4 Nxg4 9. hxg4 Bxg4 10. Nb3 Nc6 11. d4 Bf6 12. Be2 Bxf3 13. Bxf3 exd4 14. Bf4 Ne5 15. Nxd4 Bh4 16. Kg2 Qf6 17. Nf5 Qg6+ 18. Bg3 Bf6 19. Rh1 Rfe8 20. Kf1 Nxf3 21. Qxf3 Be5 22. Bxe5 dxe5 23. Ke2 Qa6+ 24. Qd3 Qxd3+ 25. cxd3 Re6 26. Rhg1 g6 27. Nh6+ Kg7 28. Rh1 Rc6 29. Kd2 g5 30. Nf5+ Kh8 31. Rag1 Rg6 32. Rg2 f6 33. Rgh2 1-0

[Event "ZN-2013-0-02306"]
[Site "LSS email"]
[Date "2013.05.23"]
[Round "?"]
[White "Tobey, Al E"]
[Black "Bokros, Csaba"]
[Result "0-1"]
[WhiteElo "602"]
[BlackElo "826"]
[PlyCount "80"]
[EventDate "2013.05.17"]
[EventType "match (corr)"]
[EventRounds "2"]
[EventCountry "GER"]
[SourceTitle "Telechess CBM 161"]
[Source "ChessBase"]
[SourceDate "2014.07.16"]
[SourceVersion "1"]
[SourceVersionDate "2014.07.16"]
[SourceQuality "1"]

1. e4 e5 2. Be2 Nf6 3. d3 Bc5 4. Bg5 Nc6 5. Nf3 h6 6. Bh4 g5 7. Bg3 d6 8. 0-0 Be6 9. Nfd2 a6 10. Nc3 h5 11. h3 h4 12. Bh2 Qd7 13. Nf3 0-0-0 14. Na4 Rdg8 15. Nxc5 dxc5 16. Bxe5 Nxe5 17. Nxe5 Qe8 18. Ng4 Qe7 19. e5 Nd5 20. Nf6 Nxf6 21. exf6 Qxf6 22. Bg4 Re8 23. Re1 Kb8 24. Bf3 Rd8 25. Bg4 Bxg4 26. Qxg4 Qxb2 27. Qxg5 Qxc2 28. Qf5 Qxd3 29. Qxf7 Rhf8 30. Qb3 Qd2 31. Qe3 Qxe3 32. fxe3 c4 33. a4 Rd2 34. Rac1 Rff2 35. Rxc4 Rxg2+ 36. Kh1 Rh2+ 37. Kg1 Rxh3 38. Rec1 Rg3+ 39. Kf1 h3 40. Rxc7 h2 0-1

[Event "ZN-2013-0-02305"]
[Site "LSS email"]
[Date "2013.05.22"]
[Round "?"]
[White "Tobey, Al E"]
[Black "Hendershot, Paul"]
[Result "1-0"]
[WhiteElo "602"]
[BlackElo "497"]
[PlyCount "85"]
[EventDate "2013.05.16"]
[EventType "match (corr)"]
[EventRounds "2"]
[EventCountry "GER"]
[SourceTitle "Telechess CBM 161"]
[Source "ChessBase"]
[SourceDate "2014.07.16"]
[SourceVersion "1"]
[SourceVersionDate "2014.07.16"]
[SourceQuality "1"]

1. e4 e5 2. Be2 Qg5 3. g3 Qf6 4. Nf3 d6 5. 0-0 Bh3 6. Re1 Nh6 7. d3 Bg4 8. Nh4 Nc6 9. Nc3 Nd4 10. Nd5 Qd8 11. f3 Be6 12. Bf1 Bd7 13. c3 c6 14. Ne3 Ne6 15. Nef5 Nxf5 16. exf5 Qb6+ 17. Kh1 Nc5 18. b4 Na6 19. Ng2 Bxf5 20. Ne3 Be6 21. Bg2 d5 22. Nc2 Bd6 23. f4 0-0 24. fxe5 Be7 25. Be3 Qc7 26. Nd4 Qxe5 27. Bf4 Qf6 28. Be5 Qg6 29. Nxe6 fxe6 30. d4 h6 31. Bf1 Rf5 32. Bd3 Bg5 33. g4 Bh4 34. Bxf5 exf5 35. gxf5 Qxf5 36. Rf1 Qe4+ 37. Kg1 Qg6+ 38. Kh1 Re8 39. Qe2 Qe6 40. Qg2 Bg5 41. Rf3 Rf8 42. Raf1 Rf4 43. Bxf4 1-0

[Event "LSS No Engine Cup 86 Preliminary 6"]
[Site "LSS email"]
[Date "2013.04.21"]
[Round "?"]
[White "Slavin, Pablo"]
[Black "Tobey, Al E"]
[Result "1-0"]
[WhiteElo "1022"]
[BlackElo "602"]
[PlyCount "57"]
[EventDate "2013.04.22"]
[EventType "tourn (corr)"]
[EventRounds "6"]
[EventCountry "GER"]
[SourceTitle "Telechess CBM 161"]
[Source "ChessBase"]
[SourceDate "2014.07.16"]
[SourceVersion "1"]
[SourceVersionDate "2014.07.16"]
[SourceQuality "1"]

1. e4 e5 2. Nf3 d6 3. Nc3 Be7 4. d4 Nd7 5. Bc4 Nb6 6. Bb3 Bg4 7. 0-0 exd4 8. Qxd4 Bf6 9. Qe3 Nh6 10. h3 Bd7 11. Qe2 Bxc3 12. bxc3 0-0 13. Bg5 Be6 14. Bxh6 Qf6 15. Bd2 g6 16. Nd4 Bd7 17. f4 a5 18. a4 c5 19. Nf3 Bc6 20. Rad1 Nd7 21. f5 Ne5 22. Nxe5 dxe5 23. fxg6 Qxg6 24. Rf5 Kh8 25. Rg5 Qd6 26. Bf4 Qe7 27. Rxe5 Qh4 28. Rf1 f6 29. Rh5 1-0

[Event "LSS No Engine Cup 86 Preliminary 6"]
[Site "LSS email"]
[Date "2013.04.21"]
[Round "?"]
[White "Stadler, Pavel"]
[Black "Tobey, Al E"]
[Result "1-0"]
[WhiteElo "1421"]
[BlackElo "602"]
[PlyCount "85"]
[EventDate "2013.04.22"]
[EventType "tourn (corr)"]
[EventRounds "6"]
[EventCountry "GER"]
[SourceTitle "Telechess CBM 161"]
[Source "ChessBase"]
[SourceDate "2014.07.16"]
[SourceVersion "1"]
[SourceVersionDate "2014.07.16"]
[SourceQuality "1"]

1. e4 e5 2. Nf3 Nc6 3. Bb5 Nge7 4. 0-0 d6 5. c3 Bd7 6. d4 Na5 7. Bxd7+ Qxd7 8. dxe5 Nc4 9. exd6 cxd6 10. Nbd2 Nb6 11. Nb3 Ng6 12. Nbd4 Be7 13. Nf5 Bf6 14. Nxd6+ Kf8 15. Be3 Ne5 16. Nxe5 Bxe5 17. Nf5 Qxd1 18. Rfxd1 Nc4 19. Bc5+ Ke8 20. Bd4 Rd8 21. Bxe5 Nxe5 22. Nxg7+ Ke7 23. Nf5+ Kf6 24. h3 Nc4 25. b3 Nb2 26. Rxd8 Rxd8 27. Nd4 Nd3 28. Kf1 Ne5 29. f4 Nd3 30. g3 Nc5 31. e5+ Kg7 32. Kg2 Ne4 33. Rc1 Nc5 34. Kf3 Re8 35. Nf5+ Kf8 36. Rd1 Ne6 37. Rd7 Nc5 38. Rc7 b6 39. Nd6 Re7 40. Rc8+ Kg7 41. Nf5+ Kg6 42. Nxe7+ Kh6 43. Rg8 1-0

[Event "LSS No Engine Cup 86 Preliminary 6"]
[Site "LSS email"]
[Date "2013.04.21"]
[Round "?"]
[White "Tobey, Al E"]
[Black "Oliger, Mark L"]
[Result "0-1"]
[WhiteElo "602"]
[BlackElo "1751"]
[PlyCount "52"]
[EventDate "2013.04.22"]
[EventType "tourn (corr)"]
[EventRounds "6"]
[EventCountry "GER"]
[SourceTitle "Telechess CBM 161"]
[Source "ChessBase"]
[SourceDate "2014.07.16"]
[SourceVersion "1"]
[SourceVersionDate "2014.07.16"]
[SourceQuality "1"]

1. e4 e5 2. Be2 Nf6 3. d3 Nc6 4. c3 d5 5. exd5 Nxd5 6. Nf3 Be7 7. c4 Nf6 8. 0-0 0-0 9. Nc3 Be6 10. Nd2 Qd7 11. Nde4 Rad8 12. a3 Nxe4 13. Nxe4 b6 14. Ng5 Bf5 15. Ne4 Nd4 16. b4 Nxe2+ 17. Qxe2 Qxd3 18. Ng3 Qxe2 19. Nxe2 Bd3 20. Bb2 Bxe2 21. Rfe1 Bxc4 22. Bxe5 Rd7 23. Rac1 b5 24. g3 Rfd8 25. Re4 Rd1+ 26. Rxd1 Rxd1+ 0-1

[Event "ZN-2013-0-02275"]
[Site "LSS email"]
[Date "2013.04.17"]
[Round "?"]
[White "Neil, Charles"]
[Black "Tobey, Al E"]
[Result "1/2-1/2"]
[WhiteElo "675"]
[BlackElo "602"]
[PlyCount "71"]
[EventDate "2013.04.13"]
[EventType "match (corr)"]
[EventRounds "2"]
[EventCountry "GER"]
[SourceTitle "Telechess CBM 161"]
[Source "ChessBase"]
[SourceDate "2014.07.16"]
[SourceVersion "1"]
[SourceVersionDate "2014.07.16"]
[SourceQuality "1"]

1. e4 e5 2. Nf3 d6 3. Nc3 Be7 4. Bc4 Nh6 5. h3 0-0 6. 0-0 Be6 7. Be2 c6 8. d3 f5 9. b3 f4 10. a4 Nd7 11. Ba3 Nf6 12. Re1 Nh5 13. Nxe5 dxe5 14. Bxe7 Qxe7 15. Bxh5 g6 16. Bf3 Qg5 17. Kh2 Rad8 18. Ne2 Nf7 19. Ng1 Rd6 20. a5 Rb8 21. Qe2 Qh6 22. Qd2 Ng5 23. Qc3 Nf7 24. Qc5 b6 25. axb6 axb6 26. Qa3 b5 27. Qa7 Rbd8 28. Ra6 Bc8 29. Rea1 Bxa6 30. Rxa6 R6d7 31. Qb6 Rd6 32. Qc7 R8d7 33. Qb8+ Rd8 34. Qc7 R8d7 35. Qc8+ Rd8 36. Qc7 1/2-1/2